书目信息 |
| 题名: |
高等学校毕业设计 (论文) 指导教程
|
|
| 作者: | 徐秀杰 , 王丽波 主编 | |
| 分册: | 财会类专业 | |
| 出版信息: | 北京 中国水利水电出版社 2015.05 |
|
| 页数: | 283页 | |
| 开本: | 26cm | |
| 丛书名: | 普通高等教育实践教学系列规划教材 | |
| 单 册: | ||
| 中图分类: | G642.477 | |
| 科图分类: | ||
| 主题词: | 毕业实践--bi ye shi jian--高等学校--教学参考资料 , 财务会计--cai wu kuai ji--毕业实践--高等学校--教学参考资料 | |
| 电子资源: | ||
| ISBN: | 978-7-5170-3099-7 | |
| 000 | 01269nam 2200313 450 | |
| 001 | CAL 0120151571198 | |
| 005 | 20150826175936.62 | |
| 010 | @a978-7-5170-3099-7@dCNY36.00 | |
| 100 | @a20150521d2015 em y0chiy50 ea | |
| 101 | 0 | @achi |
| 102 | @aCN@b110000 | |
| 105 | @aak a 000yy | |
| 106 | @ar | |
| 200 | 1 | @a高等学校毕业设计 (论文) 指导教程@Agao deng xue xiao bi ye she ji ( lun wen ) zhi dao jiao cheng@i财会类专业@f主编徐秀杰, 王丽波 |
| 210 | @a北京@c中国水利水电出版社@d2015.05 | |
| 215 | @a283页@c图@d26cm | |
| 225 | 2 | @a普通高等教育实践教学系列规划教材@Apu tong gao deng jiao yu shi jian jiao xue xi lie gui hua jiao cai |
| 320 | @a有书目 (第282-283页) | |
| 330 | @a本教程系统介绍财会各专业毕业论文的相关内容, 主要包括三部分: 财会专业毕业论文指南、财会专业毕业论文流程和财会专业各方向毕业论文实例及选题。 | |
| 410 | 0 | @12001 @a普通高等教育实践教学系列规划教材 |
| 517 | 1 | @a财会类专业@Acai kuai lei zhuan ye |
| 586 | @a | |
| 606 | 0 | @a毕业实践@Abi ye shi jian@x高等学校@j教学参考资料 |
| 606 | 0 | @a财务会计@Acai wu kuai ji@x毕业实践@x高等学校@j教学参考资料 |
| 690 | @aG642.477@v5 | |
| 701 | 0 | @a徐秀杰@Axu xiu jie@4主编 |
| 701 | 0 | @a王丽波@Awang li bo@4主编 |
| 801 | 0 | @aCN@c20150820 |
| 905 | @a河南城建学院图书馆@dG642.477@eX820@f3 | |
| 高等学校毕业设计 (论文) 指导教程.财会类专业/主编徐秀杰, 王丽波.-北京:中国水利水电出版社,2015.05 |
| 283页:图;26cm.-(普通高等教育实践教学系列规划教材) |
| ISBN 978-7-5170-3099-7:CNY36.00 |
| 本教程系统介绍财会各专业毕业论文的相关内容, 主要包括三部分: 财会专业毕业论文指南、财会专业毕业论文流程和财会专业各方向毕业论文实例及选题。 |
| ● |
| 相关链接 |
|
|
|
正题名:高等学校毕业设计 (论文) 指导教程
索取号:G642.477/X820
 
预约/预借
| 序号 | 登录号 | 条形码 | 馆藏地/架位号 | 状态 | 备注 |
| 1 | 1233850 | 212338503 | 社科库409/409社科库 11排2列3层/ [索取号:G642.477/X820] | 在馆 | |
| 2 | 1233851 | 212338512 | 社科库409/409社科库 11排2列3层/ [索取号:G642.477/X820] | 在馆 | |
| 3 | 1233852 | 212338521 | 社科库409/409社科库 11排2列3层/ [索取号:G642.477/X820] | 在馆 |